Relativismo y Derecho

Gespeichert in:
Bibliographische Detailangaben
1. Verfasser: Radbruch, Gustavo (VerfasserIn)
Format: Buch
Sprache:Spanisch
Veröffentlicht: Bogotá Temis 1992
Ausgabe:1a. ed
Schriftenreihe:Monografías Jurídicas, 82
Schlagworte:
Tags: Tag hinzufügen
Keine Tags, Fügen Sie den ersten Tag hinzu!

MARC

LEADER 00000cam a2200000 a 4500
001 UCC5316
003 CL-VaPUC
008 181005e19920000ck |||||||||||||||||spa|d
020 |a 8482725556 
082 0 4 |a 340.1  |b RAD  |2 21 
100 |a Radbruch, Gustavo   |e author  |9 256666 
245 1 0 |a Relativismo y Derecho 
250 |a 1a. ed 
300 |a 74 p 
942 |c BK 
945 |d 20181005 11:02:00  |a dcastane 
260 |a Bogotá  |b Temis  |c 1992 
650 0 |a Filosofía del derecho   |9 255050 
650 0 |a Etica y derecho  |9 341370 
583 |a last modification  |c 20181005 11:02:00  |k Rodrigo Vera 
490 0 |a Monografías Jurídicas, 82 
999 |c 372569  |d 372567 
952 |0 0  |1 0  |3 erb  |4 0  |6 340_100000000000000_RAD_1992  |7 0  |8 A  |9 490252  |a BIBDER  |b BIBDER  |e Mateluna Arestizabal, Alfredo Sergio  |i 5490324  |o 340.1 RAD 1992  |p 5490324  |r 2023-01-25  |w 2019-11-24  |y BK  |z Catalogado en:20181005  |k DER